000 00540nam a2200217Ia 4500
003 OSt
005 20220928144558.0
006 a|||||r|||| 00| 0
007 ta
008 220927b |||||||| |||| 00| 0 eng d
024 _a72204
037 _cTextual
040 _aSDCL
_cSDCL
_beng
041 _2eng
_aeng
082 _aS8:44, M8
100 _aDalal Agit K Ed.
_9508510
245 0 _aAttribution theory and reasearch.
260 _c1988
942 _hS8:44, M8
_cTEXL
_2CC
999 _c828260
_d828260